Reports Publishing Agencies : Click Quiz - Statistics

General Stats
  • This quiz has been taken 8 times
  • The average score is 17 of 36
Answer Stats
Hint Explanation Answer % Correct
Oil Market Report IEA
100%
World Energy Outlook IEA
100%
World Energy Statistics IEA
100%
Global EV Outlook IEA
100%
Climate and Clean Air Coalition Annual Report UNEP
100%
Global Gender Gap Report WEF
100%
Global Travel and Tourism Report WEF
100%
Energy Technology perspectives IEA
75%
Trade and Development Report UNCTAD
75%
Human Development Index New York City UNDP
75%
Global Education Monitoring Report Paris UNESCO
75%
Global Competitiveness Report WEF
75%
Global Financial Stability Report Washington DC, United States IMF
50%
Emissions Gap Report UNEP
50%
Global Environment Outlook UNEP
50%
Global Economic Prospect (GEP) Report WB
50%
Universal Health Coverage Index WB
50%
India Development Update WB
50%
Ease of Living Index WB
50%
Global Soil Biodiversity Atlas WWF
50%
World Economic Outlook IMF
25%
World Investment Report UNCTAD
25%
Gender Inequality Index UNDP
25%
Gender Parity Index UNESCO
25%
World Development Report Washington DC, United States WB
25%
Remittance Report WB
25%
Global Information Technology Report WEF
25%
Living Planet Report WWF
25%
AI Preparedness Index IMF
0%
World Economic Situation And Prospects UNCTAD
0%
Digital Economy Report UNCTAD
0%
Global Multi-dimensional Poverty Index UNDP
0%
Inclusive Wealth Index UNEP
0%
The Service Trade Restriction Index WB
0%
Human Capital Index WEF
0%
Global Futures Report WWF
0%
No matching quizzes found
Score Distribution
Percent of People with Each Score
Percentile by Number Answered
Your Score History
You have not taken this quiz